Serpentario (Record no. 4106)

MARC details
000 -LEADER
campo de control de longitud fija 00572nam a22002057a 4500
003 - IDENTIFICADOR DE NÚMERO DE CONTROL
campo de control OSt
005 - FECHA Y HORA DE LA ÚLTIMA TRANSACCIÓN
campo de control 20230726132612.0
008 - DATOS DE LONGITUD FIJA--INFORMACIÓN GENERAL
campo de control de longitud fija 160813s2003 cr||||| |||| 00| 0 spa d
040 ## - FUENTE DE CATALOGACIÓN
Centro/agencia transcriptor ladov
082 04 - NÚMERO DE LA CLASIFICACIÓN DECIMAL DEWEY
Número de clasificación 708
Número de ítem E74s
100 ## - ENTRADA PRINCIPAL--NOMBRE DE PERSONA
Nombre de persona Escobar, Dario
9 (RLIN) 926
Término indicativo de función/relación autor
245 ## - MENCIÓN DEL TÍTULO
Título Serpentario
260 ## - PUBLICACIÓN, DISTRIBUCIÓN, ETC.
Lugar de publicación, distribución, etc. Guatemala
Fecha de publicación, distribución, etc. 2005
Nombre del editor, distribuidor, etc. Centro de Cultura de Esapaña
300 ## - DESCRIPCIÓN FÍSICA
Extensión 38p.
Otras características físicas 17x21cm
653 10 - TÉRMINO DE INDIZACIÓN--NO CONTROLADO
Término no controlado ARTE CONTEMPORANEO
653 10 - TÉRMINO DE INDIZACIÓN--NO CONTROLADO
Término no controlado CATALOGO
653 10 - TÉRMINO DE INDIZACIÓN--NO CONTROLADO
Término no controlado EXPOSICION
700 1# - ENTRADA AGREGADA--NOMBRE PERSONAL
Nombre de persona Barahona-Sotela, Rolando.
Término indicativo de función/relación curador.
9 (RLIN) 5424
942 ## - ELEMENTOS DE ENTRADA SECUNDARIOS (KOHA)
Fuente del sistema de clasificación o colocación Clasificación Decimal Dewey
Tipo de ítem Koha Libros
Parte de la signatura que corresponde a la clasificación (Parte de la clasificación) 708
Parte de la signatura que identifica el ejemplar (Parte del ítem) E74s
Holdings
Estatus retirado Estado de pérdida Fuente del sistema de clasificación o colocación Estado de daño No para préstamo Biblioteca de origen Biblioteca actual Fecha de adquisición Número de inventario Total de préstamos Signatura topográfica completa Código de barras Visto por última vez Precio de reemplazo Tipo de ítem Koha
    Clasificación Decimal Dewey     Biblioteca LadoV Biblioteca LadoV 26/07/2023 002148   708 E74s 002148 26/07/2023 26/07/2023 Libros